Name the Mouse-drawn Flag 2 - Statistics

General Stats
  • This quiz has been taken 16 times
  • The average score is 15 of 16
Answer Stats
Picture Answer % Correct
Argentina
100%
Barbados
100%
Denmark
100%
Poland
100%
Botswana
92%
Guinea-Bissau
92%
India
92%
Kosovo
92%
Malawi
92%
Mongolia
92%
Mozambique
92%
Samoa
92%
St. Kitts and Nevis
92%
Syria
92%
Tanzania
92%
Democratic Republic of the Congo
85%
No matching quizzes found
Score Distribution
Percent of People with Each Score
Percentile by Number Answered
Your Score History
You have not taken this quiz